| 000 | 00735cam a2200229 a 4500 | ||
|---|---|---|---|
| 001 | 4394462 | ||
| 005 | 20171218070139.0 | ||
| 008 | 920212s1993 nyua 001 0 eng | ||
| 010 | _a 92006163 | ||
| 020 | _a089577433X | ||
| 040 |
_aDLC _cDLC _dDLC |
||
| 041 | _aeng | ||
| 080 | _a616.5 GRA | ||
| 082 | 0 | 0 |
_a616.5 GRA _220 |
| 100 | _a4 | ||
| 101 | _aSHM | ||
| 245 | 0 | 0 |
_aFamily guide to natural medicine : _cReader's Digest. |
| 740 | 0 | _aReader's digest family guide to the natural medicine. | |
| 906 |
_a7 _bcbc _corignew _d1 _eocip _f19 _gy-gencatlg |
||
| 942 |
_2ddc _cBK |
||
| 999 |
_c39070 _d39070 |
||